Reggaeton nation /

Uloženo v:
Podrobná bibliografie
Hlavní autor: Negrón-Muntaner, France
Další autoři: Rivera, Raquel Z.
Médium: Text
Tagy: Přidat tag
Žádné tagy, Buďte první, kdo vytvoří štítek k tomuto záznamu!

MARC

LEADER 00000 a a2200000 04500
001 10075
003
040
100 |a Negrón-Muntaner, France  
245 |a Reggaeton nation /  |c France Negrón-Muntaner 
700 |a Rivera, Raquel Z.  
773 |g volumen 40, número 6; páginas 35-39  
999 |c 27804  |d 27804